Online katalóg knižníc regiónu Turca

Krvná pomsta (Record no. 22614)

MARC details
000 -LEADER
fixed length control field 01374cam a2200409 a 4500
001 - CONTROL NUMBER
control field 22614
003 - CONTROL NUMBER IDENTIFIER
control field SK-KTurca
005 - DATE AND TIME OF LATEST TRANSACTION
control field 20260402102121.0
008 - FIXED-LENGTH DATA ELEMENTS--GENERAL INFORMATION
fixed length control field 240221s1994 xo cr 0000j slo
015 ## - NATIONAL BIBLIOGRAPHY NUMBER
National bibliography number SNBA1995/0701943
020 ## - INTERNATIONAL STANDARD BOOK NUMBER
International Standard Book Number 8006005648
Qualifying information (viazané)
035 ## - SYSTEM CONTROL NUMBER
System control number SNK000001136
040 ## - CATALOGING SOURCE
Original cataloging agency SNK
Language of cataloging slo
Transcribing agency SNK
Description conventions AACR2
041 1# - LANGUAGE CODE
Language code of text/sound track or separate title slo
Language code of original ger
044 ## - COUNTRY OF PUBLISHING/PRODUCING ENTITY CODE
MARC country code xo
ISO country code SK
072 #7 - SUBJECT CATEGORY CODE
Subject category code 821.112.2-3
Subject category code subdivision Nemecká próza, nemecky písaná
Source konspekt
072 #7 - SUBJECT CATEGORY CODE
Subject category code 821-93
Subject category code subdivision Literatúra pre deti a mládež (beletria)
Source konspekt
080 ## - UNIVERSAL DECIMAL CLASSIFICATION NUMBER
Universal Decimal Classification number 830-3
Edition identifier 1997
080 ## - UNIVERSAL DECIMAL CLASSIFICATION NUMBER
Universal Decimal Classification number 821.112.2-32
Edition identifier 2011
080 ## - UNIVERSAL DECIMAL CLASSIFICATION NUMBER
Universal Decimal Classification number (0:82-321.3)
Edition identifier 2011
080 ## - UNIVERSAL DECIMAL CLASSIFICATION NUMBER
Universal Decimal Classification number 82-93-053.4/.5
Edition identifier 2011
100 1# - MAIN ENTRY--PERSONAL NAME
Personal name May, Karl,
Dates associated with a name 1842-1912
Relationship aut
245 10 - TITLE STATEMENT
Title Krvná pomsta
Remainder of title poviedky z ciest
Statement of responsibility, etc. Karl May ; [preložila Mária Kellerová]
250 ## - EDITION STATEMENT
Edition statement 1. vyd.
260 ## - PUBLICATION, DISTRIBUTION, ETC.
Place of publication, distribution, etc. Bratislava
Name of publisher, distributor, etc. Mladé letá
Date of publication, distribution, etc. 1994
300 ## - PHYSICAL DESCRIPTION
Extent 151 strán
Dimensions 21 cm
500 ## - GENERAL NOTE
General note Preložené z nemčiny
521 1# - TARGET AUDIENCE NOTE
Target audience note Pre čitateľov od 11 rokov
655 #7 - INDEX TERM--GENRE/FORM
Genre/form data or focus term nemecké poviedky
Source of term SNKPH
655 #7 - INDEX TERM--GENRE/FORM
Genre/form data or focus term dobrodružné poviedky
Source of term SNKPH
655 #7 - INDEX TERM--GENRE/FORM
Genre/form data or focus term literatúra pre deti
Source of term SNKPH
700 12 - ADDED ENTRY--PERSONAL NAME
Personal name May, Karl,
Dates associated with a name 1842-1912
Title of a work Blutrache
Language of a work Slovensky
700 12 - ADDED ENTRY--PERSONAL NAME
Personal name May, Karl,
Dates associated with a name 1842-1912
Title of a work Der Kutb
Language of a work Slovensky
700 12 - ADDED ENTRY--PERSONAL NAME
Personal name May, Karl,
Dates associated with a name 1842-1912
Title of a work Der Händler von Serdescht
Language of a work Slovensky
700 1# - ADDED ENTRY--PERSONAL NAME
Personal name Kellerová, Mária,
Dates associated with a name 1955-
Relationship trl
942 ## - ADDED ENTRY ELEMENTS (KOHA)
Source of classification or shelving scheme Dewey Decimal Classification
Koha item type Krásna literatúra pre dospelých
Suppress in OPAC No
Holdings
Stav vyradenia Strata Poškodenie Spôsob nadobudnutia Domovská knižnica Aktuálna knižnica Dátum nadobudnutia Total checkouts Čiarový kód exemplára Date last seen Typ exemplára
      Dar Obecná knižnica Horná Štubňa Obecná knižnica Horná Štubňa 02.04.2026   4736202177 02.04.2026 Krásna literatúra pre dospelých
Projekt je podporený Slovenskou asociáciou knižníc
Prevádzkuje Turčianska knižnica Martin 2026